书目信息 |
| 题名: |
2005硕士专业学位研究生入学资格考试
|
|
| 作者: | 王武镝 主编 | |
| 分册: | 语文考前辅导教程 | |
| 出版信息: | 北京 清华大学出版社 2005.6 |
|
| 页数: | 391页 | |
| 开本: | 23cm | |
| 丛书名: | ||
| 单 册: | ||
| 中图分类: | G643.6 , H1 | |
| 科图分类: | ||
| 主题词: | 语文--yu wen--研究生--入学考试--升学参考资料 | |
| 电子资源: | ||
| ISBN: | 7-302-11091-3 | |
| 000 | 01131nam0 2200301 450 | |
| 000 | 01155nam0 2200301 450 | |
| 000 | 01118nam0 2200289 450 | |
| 000 | 01075nam0 2200277 450 | |
| 000 | 01064nam0 2200277 450 | |
| 000 | 01027nam0 2200265 45 | |
| 001 | 012005000000 | |
| 005 | 20081028091254.87 | |
| 010 | @a7-302-11091-3@dCNY29.00 | |
| 100 | @a20051008e2005 em y0chiy0121 ea | |
| 101 | 0 | @achi |
| 102 | @aCN@b110000 | |
| 105 | @ay q 000yy | |
| 200 | 1 | @a2005硕士专业学位研究生入学资格考试@A2005 shuo shi zhuan ye xue wei yan jiu sheng ru xue zi ge kao shi@i语文考前辅导教程@f王武镝主编 |
| 210 | @a北京@c清华大学出版社@d2005.6@h2005.8重印 | |
| 215 | @a391页@d23cm | |
| 304 | @a全国工程硕士专业学位教育指导委员会组编 | |
| 330 | @a本书语文知识部分包括文字、标点、词语、语法及修辞等内容;文史知识涵盖了中外文学艺术及中外历史知识;综合知识部分包括地理、生物、经管及军事等方面的知识;阅读理解精选了50段短文。 | |
| 606 | 0 | @a语文@Ayu wen@x研究生@x入学考试@j升学参考资料 |
| 690 | @aG643.6@v4 | |
| 690 | @aH1@v4 | |
| 701 | 0 | @a王武镝@Awang wu di@4主编 |
| 801 | 0 | @aCN@bSRXX@c20081028 |
| 905 | @a10447@dG643.6@eW370 | |
| 2005硕士专业学位研究生入学资格考试.语文考前辅导教程/王武镝主编.-北京:清华大学出版社,2005.6(2005.8重印) |
| 391页;23cm |
| ISBN 7-302-11091-3:CNY29.00 |
| 本书语文知识部分包括文字、标点、词语、语法及修辞等内容;文史知识涵盖了中外文学艺术及中外历史知识;综合知识部分包括地理、生物、经管及军事等方面的知识;阅读理解精选了50段短文。 |
| ● |
| 相关链接 |
|
|
|
正题名:2005硕士专业学位研究生入学资格考试
索取号:G643.6/W370
 
预约/预借
| 序号 | 登录号 | 条形码 | 馆藏地/架位号 | 状态 | 备注 |
| 1 | 460251 | 204602518 | 社科库409/409社科库 11排4列4层/ [索取号:G643.6/W370] | 在馆 | |
| 2 | 548285 | 205482850 | 社科二线422/422社科库 32排1列1层/ [索取号:G643.6/W370] | 在馆 | |
| 3 | 548286 | 205482869 | 社科库409/409社科库 11排4列4层/ [索取号:G643.6/W370] | 在馆 | |
| 4 | 548287 | 205482878 | 社科库409/409社科库 11排4列4层/ [索取号:G643.6/W370] | 在馆 |